First Lines of Olivia Rodrigo Songs - Statistics

General Stats
  • This quiz has been taken 248 times
  • The average score is 13 of 16
Answer Stats
Hint Answer % Correct
I got my driver's license last week Driver's License
96%
Car rides to Malibu Deja Vu
94%
Lacy, oh, Lacy / skin like puff pastry Lacy
94%
Good for you / guess you moved on really easily Good 4 u
93%
I met a guy in the summer / I left him in the spring Get Him Back!
91%
Brown guilty eyes & little white lies Traitor
91%
I hate to give the satisfaction / asking how you're doing now Vampire
88%
I kinda wanna throw my phone across the room Jealousy, Jealousy
85%
We broke up a month ago Happier
83%
Bought a bunch of makeup / try to cover up my face Pretty Isn't Pretty
83%
Know that I loved you so bad / I let you treat me like that Favorite Crime
78%
I wore makeup when we dated / cause I thought you'd like me more Enough For You
73%
I knew a boy once when I was small Hope Ur Ok
69%
I have nightmares each week / about that Friday in May The Grudge
66%
Perfect, easy, so good to me Scared Of My Guitar
58%
I woke up this morning / I sat up straight in bed Stranger
57%
No matching quizzes found
Score Distribution
Percent of People with Each Score
Percentile by Number Answered
Your Score History
You have not taken this quiz